|
|
|
|
| LEADER |
00860nam a2200193 a 4500 |
| 008 |
100103s1999 bg a 000 0 eng d |
| 040 |
|
|
|a BD-DhAAL
|c BD-DhAAL
|d BD-DhAAL
|
| 082 |
|
|
|a 305.23/095492
|2 21
|
| 245 |
1 |
0 |
|a State of human rights :Bangladesh 1999 /
|c editor R. W.Timm.
|
| 260 |
|
|
|a Dhaka :
|b Coordinating council for human rights in Bangladesh CCHRB/BMSP,
|c 1999
|
| 300 |
|
|
|a 160 p., :
|b ill. (some col.) ;
|c 25 cm.
|
| 541 |
1 |
|
|e 00010590
|
| 650 |
|
0 |
|a Human rights
|z Bangladesh.
|
| 651 |
|
0 |
|a Bangladesh
|x Politics and government
|y 1971-
|
| 700 |
1 |
|
|a Timm, R. W.
|
| 710 |
2 |
|
|a Coordinating council for human rights in Bangladesh CCHRB/BMSP
|
| 852 |
4 |
|
|a Ayesha Abed Library
|j General shelf
|
| 999 |
|
|
|c 6659
|d 6659
|
| 952 |
|
|
|0 0
|1 0
|2 ddc
|4 0
|6 305_230954920000000_STA_1999
|7 0
|9 6821
|a BRACUL
|b BRACUL
|c GEN
|d 2010-01-03
|l 0
|o 305.23095492 STA
|p 3010010590
|r 2010-01-03
|t 1
|w 2010-01-03
|y BK
|